| 000 | 01068cam a2200313 a 4500 | ||
|---|---|---|---|
| 999 |
_c799 _d799 |
||
| 001 | 946659 | ||
| 003 | GZU | ||
| 005 | 20200914114523.0 | ||
| 008 | 850426s1982 rh a b 000 0 eng | ||
| 010 | _a 83231315 | ||
| 020 | _a0869253433 (pbk.) | ||
| 040 |
_aDLC _cDLC _dDLC |
||
| 041 | 0 | _aengnicsho | |
| 043 | _af-rh--- | ||
| 050 | 0 | 0 | _aDT 962.7 PON 1989 |
| 082 | 0 | 0 |
_a896/.39 _219 |
| 100 | 1 | _aPongweni, Alec J. C. | |
| 245 | 1 | 0 |
_aSongs that won the liberation war / _cby Alec J.C. Pongweni ; with a foreword by C.S. Banana. |
| 260 |
_a[Harare, Zimbabwe] : _bCollege Press, _c[1982] |
||
| 300 |
_ax, 167 p. : _bill. ; _c23 cm. |
||
| 500 | _aText in English, Ndebele, and Shona. | ||
| 504 | _aBibliography: p. 166-167. | ||
| 650 | 0 |
_aRevolutionary ballads and songs _zZimbabwe _xTexts. |
|
| 650 | 0 |
_aSongs, Shona _zZimbabwe _xTexts. |
|
| 650 | 0 |
_aSongs, Ndebele (Zimbabwe) _zZimbabwe _xTexts. |
|
| 651 | 0 |
_aZimbabwe _xHistory _yChimurenga War, 1966-1980 _xSongs and music. |
|
| 906 |
_a7 _bcbc _corignew _d4 _encip _f19 _gy-gencatlg |
||
| 942 |
_2lcc _cBK _h962.7 _iPON _kDT |
||